Centroamérica: entre el discurso de la modernización institucional y las resistencias del centralismo /

Furkejuvvon:
Bibliográfalaš dieđut
Váldodahkki: Rivera, Roy
Materiálatiipa: Texto
Fáttát:
Fáddágilkorat: Lasit fáddágilkoriid
Eai fáddágilkorat, Lasit vuosttaš fáddágilkora!

MARC

LEADER 00000 a a2200000 04500
001 13258
003
040
100 |a Rivera, Roy  
245 |a Centroamérica:   |b entre el discurso de la modernización institucional y las resistencias del centralismo /  |c Roy Rivera 
650 |a GOBIERNO CENTRAL  
650 |a GOBIERNO LOCAL  
650 |a DESCENTRALIZACION  
650 |a AMERICA CENTRAL  
773 |g número 8 -9 Primavera; páginas 34-45  
999 |c 20889  |d 20889